000 00601nam a2200241Ia 4500
003 OSt
005 20221005124003.0
006 a|||||r|||| 00| 0
007 ta
008 221004b |||||||| |||| 00| 0 eng d
024 _a49596
037 _cTextual
040 _aCRL
_cCRL
_beng
041 _2eng
_aeng
082 _aP1511:2:9, G9
100 _aJoshi C V
245 0 _aManual of Pali
_b Graduated course of Pali for beginners.
250 _a3rd
260 _c1939
650 _aLINGUISTICS
942 _hP1511:2:9, G9
_cTEXL
_2cc
999 _c1049119
_d1049119